El compromiso en la poesía de la guerra civil española

Gardado en:
Detalles Bibliográficos
Autor Principal: Calamai, Natalia (Author)
Formato: Libro
Idioma:Lingua castelá
Publicado: Barcelona Laia 1979
Subjects:
Tags: Engadir etiqueta
Sen Etiquetas, Sexa o primeiro en etiquetar este rexistro!

MARC

LEADER 00000nam a2200000 a 4500
001 UCQ7185
003 CL-VaPUC
008 981031e19790000SP |||||||||||||||||spa|d
082 0 4 |a 861.09  |b CAL  |2 21 
100 0 |a Calamai, Natalia  |e author  |9 421044 
245 1 3 |a El compromiso en la poesía de la guerra civil española 
300 |a 296 p 
942 |c BK 
945 |d 19981031 00:00:00  |a crobeson 
260 |a Barcelona  |b Laia  |c 1979 
650 0 |a Poesía española  |9 264938 
650 0 |a Literatura española  |9 306261 
650 0 |a Historia y crítica   |9 257407 
583 |a last modification  |c 19981031 00:00:00  |k Rodrigo Vera 
999 |c 276943  |d 276941 
952 |0 0  |1 0  |4 0  |6 861_090000000000000_CAL_1979  |7 0  |8 A  |9 314574  |a BIBEDU  |b BIBEDU  |d 2019-11-20  |i 1487361  |l 1  |o 861.09 CAL 1979  |p 1487361  |r 2022-12-06  |s 2022-12-06  |w 2019-11-20  |y BK  |k LIT